000 00867nam a2200241 a 4500
001 000046348
003 DO-SdBNP
005 20240228085406.0
007 ta
008 150731s2000 dr a 000 0 spa d
040 _aDO-SdBNP
_bspa
_cBNPHU
082 _axxx
_bB453U
_222
100 1 _aUreña de Henríquez, Salomé ,
_d1850-1897
_9920
245 1 3 _aReseña histórica acerca de la vida y obra de la insigne educadora y poeta dominicana Salomé Ureña de Henríquez /
_cNurys Beltré , Yrma Stamers
246 _aSalomé Ureña de Henríquez :
_b150 aniversario de su nacimiento 1850-2000
250 _aRevisada y actualizada
260 _aSanto Domingo :
_bSecretaría de Estado de Educación,
_c2000
300 _a28 p. :
_bil., ;
_c28 cm.
590 _aInventariado, 2022 / DG
700 1 _aStamers, Yrma
_eautora
_955053
910 _aDG
942 _2ddc
_cLF2
999 _c52421
_d52421